| 000 | 00792nam a2200205 a 4500 | ||
|---|---|---|---|
| 001 | BRCA_2091 | ||
| 005 | 20190320203650.0 | ||
| 008 | 110808s1989----mx-a---###---#000-0#spa-# | ||
| 050 | 4 |
_aF1391.P8 _b.L43 29 _c1989 |
|
| 100 | 1 |
_aCuenya Mateos, Miguel Angel _96351 |
|
| 245 | 1 | 0 |
_aFiestas y virreyes en la Puebla colonial _cMiguel Angel Cuenya Mateos. |
| 260 |
_aPuebla, México _bGobierno del Estado de Puebla : Secretaría de Cultura : Comisión Puebla V Centenario _c1989 |
||
| 300 |
_a47 p. _bil. _c21 cm. |
||
| 440 | 0 |
_aLecturas Históricas de Puebla _n29 _96352 |
|
| 651 | 4 |
_aPuebla (México) _xHistoria _9409 |
|
| 651 | 4 |
_aPuebla (México) _xVida social y costumbres _9408 |
|
| 651 | 4 |
_aPuebla (México) _xFiestas _yÉpoca colonial 1521-1821 _96353 |
|
| 653 | 0 | _aVida cotidiana | |
| 942 |
_2lcc _cB |
||
| 999 |
_c1848 _d1848 |
||